000 00463nab a2200145Ia 4500
003 ES-SlBCS
005 20210601134619.0
008 140529s2000 xxu||||| |||| 00| 0 spa d
041 _aspa
100 1 _aMoreno O., Alejandro
_9220444
245 0 0 _aNuevos paradigmas epistemológicos en ciencias sociales
_c Alejandro Moreno O.
650 0 4 _aEpistemología-Ciencias Sociales
_9138022
773 0 _tAnthropos
_gvol. 21, nº. 41, 2000, págs. 23
_wRev38
942 _cAR
999 _c615304
_d615304